| 000 | 00905cam a2200205 4500 | ||
|---|---|---|---|
| 001 | WB370827 | ||
| 008 | 000000n2001 000 0 eng u | ||
| 035 | _a(Sirsi) u111025 | ||
| 245 | 2 | _aA look at auditing the valuers | |
| 260 | _c2001 | ||
| 490 |
_aFinancial Times _v 16 February 2001, 30(1) |
||
| 520 | _aA new report "Quarterly in Advance Valuations - Summary of Responses to the Property Valuation forum's questionnaire', has generated debate about the commercial property market and how it is affected by the work valuers do. Can investors in property influence independent valuations? The report is on the Valuation Faculty section of the RICS website. | ||
| 590 | _aWB | ||
| 650 | _aPROPERTY MARKET | ||
| 650 | _aVALUATIONS | ||
| 650 | _aRICS | ||
| 650 | _aABOUT RICS-RELATED ORGANISATIONS-INVESTMENT PROPERTY FORUM | ||
| 690 | _aPROPERTY-PROPERTY APPRAISAL AND VALUATION | ||
| 942 | _n0 | ||
| 999 |
_c66161 _d66161 |
||